[Event "Primera Copa Universidad La Punta 2009"]
[Site "Buenos Aires ARG"]
[Date "2009.05.28"]
[Round "5.4"]
[White "Rodriguez Villa, Andres"]
[Black "Malbran, Guillermo"]
[Result "1-0"]
[WhiteElo "2524"]
[BlackElo "2238"]
[PlyCount "131"]
[EventDate "2009.05.25"]
[EventType "swiss"]
[EventRounds "9"]
[EventCountry "ARG"]
[Source "lmi"]
[SourceDate "2009.05.25"]

1. f4 d5 2. Nf3 Bg4 3. e3 Nd7 4. Be2 e6 5. O-O Bd6 6. b3 Ngf6 7. Bb2 c6 8. c4
Qe7 9. cxd5 cxd5 10. Nc3 Bxf3 11. Rxf3 a6 12. a4 O-O 13. Rh3 d4 14. exd4 Nd5
15. Nxd5 exd5 16. Bd3 f5 17. Qf3 Qe6 18. Qh5 Qg6 19. Qf3 Qe6 20. g4 fxg4 21.
Bxh7+ Kf7 22. f5 gxf3 23. fxe6+ Kxe6 24. Re1+ Kf7 25. Bf5 Nf6 26. Be6+ Kg6 27.
Rxf3 Ne4 28. Bxd5 Rxf3 29. Bxe4+ Rf5 30. Rf1 Raf8 31. d3 Kg5 32. Bc1+ Rf4 33.
Bxb7 a5 34. Kg2 Kh4 35. Bxf4 Rxf4 36. Rxf4+ Bxf4 37. h3 Be3 38. d5 Bc5 39. Bc8
Kg5 40. Kf3 Kf6 41. Ke4 Bd6 42. d4 Ke7 43. Kf5 Bb4 44. Kg6 Kf8 45. h4 Bd6 46.
h5 Bb4 47. Bd7 Bc3 48. Bb5 Bxd4 49. b4 axb4 50. Bc4 Ke7 51. a5 Kd6 52. a6 Kc7
53. Kf7 Kd7 54. Bb3 Kd8 55. Ke6 Bc5 56. d6 Ba7 57. Kd5 Be3 58. Ba4 Bf2 59. Kc4
Bb6 60. Kxb4 Ba7 61. Kc4 Bf2 62. Kd5 Ba7 63. Kc6 Kc8 64. Bb3 Be3 65. d7+ Kd8
66. Be6 1-0

[Event "Primera Copa Universidad La Punta 2009"]
[Site "Buenos Aires ARG"]
[Date "2009.05.28"]
[Round "5.5"]
[White "Quiroga, Sergio"]
[Black "Alonso, Salvador"]
[Result "0-1"]
[WhiteElo "2206"]
[BlackElo "2489"]
[PlyCount "62"]
[EventDate "2009.05.25"]
[EventType "swiss"]
[EventRounds "9"]
[EventCountry "ARG"]
[Source "lmi"]
[SourceDate "2009.05.25"]

1. c4 c6 2. Nc3 d5 3. cxd5 cxd5 4. d4 Nf6 5. Bf4 Nc6 6. e3 a6 7. Bd3 Bg4 8. f3
Bh5 9. g4 Bg6 10. Nge2 e6 11. a3 Bd6 12. O-O O-O 13. Bxg6 hxg6 14. g5 Ne8 15.
h4 Bxf4 16. Nxf4 Nd6 17. Qd3 Nf5 18. Ng2 Rc8 19. Rad1 Qd6 20. Ne2 Rfd8 21. Nef4
Na5 22. Ne2 Nc4 23. Qb3 Ng3 24. Rfe1 Nxe2+ 25. Rxe2 Qg3 26. Qxb7 Nxe3 27. Ra1
Nf5 28. Rd1 Nxh4 29. Rf2 Nxf3+ 30. Rxf3 Qxf3 31. Rf1 Qg3 0-1

[Event "Primera Copa Universidad La Punta 2009"]
[Site "Buenos Aires ARG"]
[Date "2009.05.28"]
[Round "5.6"]
[White "Tristan, Leonardo"]
[Black "Malajovich, Sandra"]
[Result "1-0"]
[WhiteElo "2393"]
[BlackElo "2111"]
[PlyCount "65"]
[EventDate "2009.05.25"]
[EventType "swiss"]
[EventRounds "9"]
[EventCountry "ARG"]
[Source "lmi"]
[SourceDate "2009.05.25"]

1. e4 c5 2. Nc3 Nc6 3. Bb5 Nd4 4. Bc4 g6 5. Nf3 Bg7 6. Nxd4 cxd4 7. Qf3 Nh6 8.
d3 O-O 9. Ne2 e5 10. h4 Kh8 11. h5 g5 12. Qg3 f6 13. Bd2 b5 14. Bd5 Rb8 15.
Nxd4 Bb7 16. Bxb7 Rxb7 17. Nb3 d5 18. Nc5 Re7 19. a4 Qd6 20. b4 Rb8 21. axb5
Rxb5 22. exd5 Rxc5 23. bxc5 Qxc5 24. Qe3 Qxd5 25. O-O Qc6 26. Rfb1 Bf8 27. Rb8
Rf7 28. Bb4 Kg7 29. Bxf8+ Rxf8 30. Rxf8 Kxf8 31. Qxa7 Nf7 32. Qb8+ Kg7 33. Ra8
1-0

[Event "Primera Copa Universidad La Punta 2009"]
[Site "Buenos Aires ARG"]
[Date "2009.05.29"]
[Round "5.7"]
[White "Bianchi, Lucas"]
[Black "Della Morte, German"]
[Result "1-0"]
[WhiteElo "2090"]
[BlackElo "2382"]
[PlyCount "229"]
[EventDate "2009.05.25"]
[EventType "swiss"]
[EventRounds "9"]
[EventCountry "ARG"]
[Source "lmi"]
[SourceDate "2009.05.25"]

1. d4 Nf6 2. c4 g6 3. Nc3 Bg7 4. e4 d6 5. Nf3 O-O 6. Be2 e5 7. d5 a5 8. O-O Na6
9. Bg5 h6 10. Bh4 Qe8 11. Nd2 Nh7 12. a3 h5 13. f3 Bd7 14. b3 Bh6 15. Rb1 Be3+
16. Bf2 Bxf2+ 17. Rxf2 Qb8 18. Kh1 Qa7 19. Rf1 Qe3 20. Qc2 h4 21. Nd1 Qc5 22.
Qb2 f5 23. b4 axb4 24. axb4 Qd4 25. Qxd4 exd4 26. c5 Nf6 27. Bc4 b5 28. cxb6
cxb6 29. Nf2 b5 30. Be2 Rfe8 31. g3 hxg3 32. hxg3 Nxd5 33. Nb3 Nc3 34. Rb2 d5
35. Nxd4 dxe4 36. fxe4 fxe4 37. Bg4 Red8 38. Ne6 Bxe6 39. Bxe6+ Kg7 40. Rc1 Na4
41. Re2 Rd4 42. Nxe4 Rxb4 43. Nd6 N4c5 44. Bd5 Ra7 45. Ne8+ Kh6 46. Kg2 Nd3 47.
Rh1+ Kg5 48. Nd6 Nac5 49. Rf1 Kh6 50. Rh1+ Kg5 51. Rf1 Rd4 52. Nxb5 Rxd5 53.
Nxa7 Ne5 54. Nb5 Ng4 55. Rf3 Nd3 56. Nc3 Rd4 57. Ne4+ Kh6 58. Nf6 Nge5 59. Rfe3
Nc6 60. Re4 Rd8 61. Rh4+ Kg5 62. Ne4+ Kf5 63. Nf2 Nde5 64. Rf4+ Kg5 65. Nh3+
Kh6 66. Rh4+ Kg7 67. Ng5 Kf6 68. Ne4+ Kg7 69. Nc5 Rd5 70. Ne6+ Kf6 71. Nf4 Rd6
72. Rh8 Kf7 73. Rb2 Kf6 74. Rf2 Kg7 75. Re8 Kf7 76. Rc8 Kg7 77. Rc7+ Kh6 78.
Nh3 g5 79. Rc2 Kg6 80. Nf2 Kf5 81. Rc8 Ne7 82. Rf8+ Kg6 83. Ne4 Re6 84. Rcf2
Ng4 85. Re2 Nf5 86. Rg8+ Kh6 87. Re1 Ng7 88. Rh1+ Kg6 89. Nxg5 Ra6 90. Ne4 Ra4
91. Nc5 Ra2+ 92. Kf3 Nh2+ 93. Ke4 Kf7 94. Rb8 Ng4 95. Rf1+ Kg6 96. Rb6+ Kg5 97.
Rf7 Nf2+ 98. Kf3 Nh5 99. Rd7 Nf6 100. Ne6+ Kf5 101. Nd4+ Kg5 102. Ne6+ Kf5 103.
Nd4+ Kg6 104. Rdb7 N2g4 105. Rb2 Ra4 106. Ne2 Ne5+ 107. Kg2 Nfg4 108. R7b4 Ne3+
109. Kh3 Ra1 110. Rb1 Ra7 111. Rh4 Nf5 112. Nf4+ Kg7 113. Rh5 Rf7 114. Rb5 Kf6
115. g4 1-0

[Event "Primera Copa Universidad La Punta 2009"]
[Site "Buenos Aires ARG"]
[Date "2009.05.28"]
[Round "5.8"]
[White "Duarte, Leonardo"]
[Black "Pichot, Alan"]
[Result "1-0"]
[WhiteElo "2439"]
[BlackElo "2014"]
[PlyCount "123"]
[EventDate "2009.05.25"]
[EventType "swiss"]
[EventRounds "9"]
[EventCountry "ARG"]
[Source "lmi"]
[SourceDate "2009.05.25"]

1. e4 c5 2. Nf3 Nc6 3. Bb5 g6 4. O-O Bg7 5. Re1 e5 6. Bxc6 dxc6 7. d3 Qe7 8.
Nbd2 Nf6 9. Nc4 Nd7 10. Bd2 O-O 11. a3 b6 12. Bc3 Ba6 13. b4 Bxc4 14. dxc4 Rfd8
15. Qc1 f6 16. b5 Nf8 17. Qb2 Qd7 18. Nd2 Bh6 19. Nf1 Qf7 20. bxc6 Qxc4 21.
Rad1 Ne6 22. Bd2 Bxd2 23. Nxd2 Qa4 24. c7 Nxc7 25. Qa2+ Kg7 26. Nc4 Rd4 27. Nb2
Qa5 28. Qb3 Qb5 29. Qc3 Rad8 30. Rxd4 Rxd4 31. g3 Ne6 32. h4 Rd8 33. Kg2 Nd4
34. Nc4 Qc6 35. Qd3 b5 36. Nd2 c4 37. Qc3 Ne6 38. Nf1 Nc5 39. f3 Na4 40. Qa5
Qb6 41. Qb4 Rd6 42. Re2 a5 43. Qe1 b4 44. Ne3 Qc5 45. axb4 axb4 46. Qa1 Qb5 47.
Rf2 Rd4 48. Nd5 c3 49. Qc1 Nb2 50. h5 Nd1 51. h6+ Kf7 52. Qa1 Qc5 53. Re2 f5
54. Qa6 Rxd5 55. Qb7+ Kf6 56. exd5 Qc4 57. Qg7+ Kg5 58. Qe7+ Kh5 59. Re4 Ne3+
60. Rxe3 g5 61. Qxe5 Qc8 62. Qe8+ 1-0

[Event "Primera Copa Universidad La Punta 2009"]
[Site "Buenos Aires ARG"]
[Date "2009.05.29"]
[Round "5.9"]
[White "Gimenez, Santiago"]
[Black "Quiroga, Facundo"]
[Result "1-0"]
[WhiteElo "2112"]
[BlackElo "2329"]
[PlyCount "83"]
[EventDate "2009.05.25"]
[EventType "swiss"]
[EventRounds "9"]
[EventCountry "ARG"]
[Source "lmi"]
[SourceDate "2009.05.25"]

1. e4 c6 2. d4 d5 3. e5 Bf5 4. Nf3 e6 5. Be2 c5 6. Be3 Nd7 7. O-O Rc8 8. c4
dxc4 9. d5 exd5 10. Qxd5 Qc7 11. Bxc4 Be6 12. Qd3 Bxc4 13. Qxc4 Nb6 14. Qc2 Qc6
15. Nc3 Ne7 16. Ne4 Ned5 17. Bg5 h6 18. Bh4 g5 19. Bg3 Be7 20. e6 f5 21. Nexg5
hxg5 22. Qxf5 Bf6 23. Qg6+ Kd8 24. Rad1 Rf8 25. Nxg5 Rc7 26. Nf7+ Kc8 27. Rfe1
Bd4 28. Bxc7 Qxc7 29. e7 Nxe7 30. Qe6+ Kb8 31. Qxe7 Rxf7 32. Qe8+ Nc8 33. Re2
Qf4 34. Rf1 Rf8 35. Qe6 a6 36. b3 Ka7 37. Qe4 Qg5 38. g3 Nd6 39. Qe7 Rf6 40.
Re6 Nf5 41. Qd8 Nxg3 42. Qb6+ 1-0

[Event "Primera Copa Universidad La Punta 2009"]
[Site "Buenos Aires ARG"]
[Date "2009.05.28"]
[Round "5.10"]
[White "Pierrot, Facundo"]
[Black "Elman, Cristian"]
[Result "1-0"]
[WhiteElo "2422"]
[BlackElo "2170"]
[PlyCount "77"]
[EventDate "2009.05.25"]
[EventType "swiss"]
[EventRounds "9"]
[EventCountry "ARG"]
[Source "lmi"]
[SourceDate "2009.05.25"]

1. d4 Nf6 2. Bg5 Ne4 3. Bf4 c5 4. f3 Nf6 5. d5 Qb6 6. e4 d6 7. Nd2 g6 8. Bd3
Bg7 9. Nc4 Qd8 10. a4 O-O 11. Ne2 Nh5 12. Bg5 Bf6 13. Bxf6 exf6 14. g4 Ng7 15.
Qd2 Nd7 16. h4 Ne5 17. Nxe5 fxe5 18. h5 g5 19. h6 Ne8 20. Kf2 f6 21. c3 Bd7 22.
Ng3 Kh8 23. Kg2 Nc7 24. Nf1 Rg8 25. Ne3 Qe7 26. b4 cxb4 27. cxb4 Rgc8 28. Ra3
Ne8 29. a5 Nc7 30. Rc3 Nb5 31. Bxb5 Bxb5 32. Rhc1 Rxc3 33. Qxc3 Kg8 34. Qc7 Re8
35. Nf5 Qxc7 36. Rxc7 Rd8 37. Rg7+ Kh8 38. Rxb7 a6 39. Nxd6 1-0

[Event "Primera Copa Universidad La Punta 2009"]
[Site "Buenos Aires ARG"]
[Date "2009.05.28"]
[Round "5.12"]
[White "Perelman, Hernan"]
[Black "Rodriguez, Esteban"]
[Result "1-0"]
[WhiteElo "2326"]
[BlackElo "2151"]
[PlyCount "51"]
[EventDate "2009.05.25"]
[EventType "swiss"]
[EventRounds "9"]
[EventCountry "ARG"]
[Source "lmi"]
[SourceDate "2009.05.25"]

1. d4 Nf6 2. Nf3 g6 3. Bf4 Bg7 4. e3 O-O 5. h3 d6 6. Be2 Nfd7 7. Nbd2 e5 8. Bh2
Nc6 9. c3 f5 10. dxe5 dxe5 11. b4 Qe7 12. a4 Kh8 13. a5 e4 14. Nd4 Nxd4 15.
cxd4 f4 16. Qc2 fxe3 17. fxe3 Qh4+ 18. g3 Qxh3 19. Nxe4 Nf6 20. Nf2 Qg2 21. Bf1
Qf3 22. Qe2 Qd5 23. Rg1 Re8 24. Ra3 Qd6 25. Qb5 Qxd4 26. Qxe8+ 1-0

[Event "Primera Copa Universidad La Punta 2009"]
[Site "Buenos Aires ARG"]
[Date "2009.05.29"]
[Round "5.13"]
[White "Lanza, Luciano"]
[Black "Contin, Daniel"]
[Result "1-0"]
[WhiteElo "2114"]
[BlackElo "2321"]
[PlyCount "79"]
[EventDate "2009.05.25"]
[EventType "swiss"]
[EventRounds "9"]
[EventCountry "ARG"]
[Source "lmi"]
[SourceDate "2009.05.25"]

1. e4 e6 2. d3 c5 3. Nf3 Nc6 4. g3 g6 5. d4 cxd4 6. Nxd4 d6 7. Bg2 Qb6 8. Nb3
a6 9. Nc3 Nf6 10. O-O Qc7 11. Re1 Bg7 12. Be3 O-O 13. f4 b5 14. a3 Bb7 15. Qe2
Rfe8 16. h3 Nd7 17. Qf2 Rac8 18. Rad1 Bxc3 19. bxc3 Ncb8 20. Rd3 f5 21. exf5
Bxg2 22. Qxg2 gxf5 23. g4 Kf7 24. g5 Nf6 25. Qf3 Ne4 26. Qh5+ Kg8 27. Nd2 Nc6
28. Nxe4 fxe4 29. Rd2 Ne7 30. Bd4 e5 31. fxe5 dxe5 32. Rf1 Ng6 33. Be3 Rf8 34.
Rf6 Rxf6 35. gxf6 Rf8 36. Qf5 Qxc3 37. Bh6 Qg3+ 38. Kf1 e3 39. Qe6+ Rf7 40.
Rd8+ 1-0

[Event "Primera Copa Universidad La Punta 2009"]
[Site "Buenos Aires ARG"]
[Date "2009.05.29"]
[Round "5.14"]
[White "Carraro, Denise"]
[Black "Pina, Ulises"]
[Result "1/2-1/2"]
[WhiteElo "2097"]
[BlackElo "2310"]
[PlyCount "83"]
[EventDate "2009.05.25"]
[EventType "swiss"]
[EventRounds "9"]
[EventCountry "ARG"]
[Source "lmi"]
[SourceDate "2009.05.25"]

1. e4 e5 2. Nc3 Nc6 3. g3 g6 4. Bg2 Bg7 5. d3 Nge7 6. Nge2 d6 7. O-O Nd4 8. f4
O-O 9. h3 c5 10. g4 exf4 11. Bxf4 Qb6 12. Nxd4 Bxd4+ 13. Kh1 Qxb2 14. Bxd6 Qxc3
15. Bxe7 Re8 16. Bd6 Be6 17. Rb1 Rad8 18. Bg3 b6 19. a4 c4 20. Be1 Qa3 21. Bb4
Qxa4 22. c3 Qxd1 23. Rfxd1 Bg7 24. d4 Bd7 25. e5 Ba4 26. Rd2 Bxe5 27. Ra2 Bb3
28. Rxa7 Bd6 29. Bxd6 Rxd6 30. Rf1 f6 31. Rb7 Kf8 32. Rxh7 Re7 33. Rh8+ Kg7 34.
Rc8 Re3 35. Rf3 Re1+ 36. Kh2 g5 37. Bf1 b5 38. Rb8 Bd1 39. Rf5 Bc2 40. Rf2 Bd3
41. Bg2 Rde6 42. Rxb5 1/2-1/2

[Event "Primera Copa Universidad La Punta 2009"]
[Site "Buenos Aires ARG"]
[Date "2009.05.29"]
[Round "6.1"]
[White "Bronstein, Luis Marcos"]
[Black "Slipak, Sergio"]
[Result "0-1"]
[WhiteElo "2401"]
[BlackElo "2446"]
[PlyCount "84"]
[EventDate "2009.05.25"]
[EventType "swiss"]
[EventRounds "9"]
[EventCountry "ARG"]
[Source "lmi"]
[SourceDate "2009.05.25"]

1. e4 e5 2. Nf3 Nc6 3. Bb5 Nf6 4. O-O Nxe4 5. d4 Nd6 6. Ba4 e4 7. Ne5 Be7 8.
Nc3 O-O 9. Re1 Bf6 10. Bf4 Nf5 11. Nd5 Bxe5 12. dxe5 e3 13. Nf6+ gxf6 14. Qg4+
Kh8 15. Qxf5 exf2+ 16. Kxf2 Nxe5 17. Bxe5 fxe5 18. Qxe5+ f6 19. Qh5 d5 20. Re3
Bd7 21. Bb3 c6 22. Rae1 Be8 23. Qh6 Bg6 24. Re7 Rf7 25. R7e3 Qf8 26. Qf4 Qc5
27. Kf1 Raf8 28. c3 Rg7 29. Rg3 Be4 30. Rxg7 Bd3+ 31. Re2 Bxe2+ 32. Kxe2 Kxg7
33. Bc2 Re8+ 34. Kd2 Qe7 35. Bd3 Qe5 36. Qf2 b6 37. Kc2 Qxh2 38. Kb3 Qe5 39.
Qh4 h5 40. g4 c5 41. Bf5 c4+ 42. Ka4 d4 0-1

[Event "Primera Copa Universidad La Punta 2009"]
[Site "Buenos Aires ARG"]
[Date "2009.05.29"]
[Round "6.2"]
[White "Bitelmajer, Martin"]
[Black "Liascovich, Lucas"]
[Result "1/2-1/2"]
[WhiteElo "2314"]
[BlackElo "2439"]
[PlyCount "70"]
[EventDate "2009.05.25"]
[EventType "swiss"]
[EventRounds "9"]
[EventCountry "ARG"]
[Source "lmi"]
[SourceDate "2009.05.25"]

1. d4 d6 2. c4 Nf6 3. Nc3 g6 4. e4 Bg7 5. Be2 O-O 6. Nf3 e5 7. O-O Nc6 8. Be3
exd4 9. Nxd4 Re8 10. f3 Nh5 11. Nxc6 bxc6 12. Qd2 c5 13. Rad1 Bb7 14. Rfe1 Be5
15. f4 Bxc3 16. Qxc3 Qh4 17. Bxh5 Qxh5 18. e5 dxe5 19. fxe5 Rxe5 20. Bf4 Re2
21. Rxe2 Qxe2 22. Qd2 Qe4 23. Bxc7 Re8 24. b3 h5 25. Bg3 Qg4 26. Re1 Rxe1+ 27.
Bxe1 Qe4 28. h3 Kh7 29. Qf2 Kg8 30. Bd2 Qb1+ 31. Qe1 Be4 32. Qxb1 Bxb1 33. Be3
Bxa2 34. Bxc5 Bxb3 35. Bxa7 Bxc4 1/2-1/2

[Event "Primera Copa Universidad La Punta 2009"]
[Site "Buenos Aires ARG"]
[Date "2009.05.29"]
[Round "6.3"]
[White "Duarte, Leonardo"]
[Black "Rodriguez Villa, Andres"]
[Result "1/2-1/2"]
[WhiteElo "2439"]
[BlackElo "2524"]
[PlyCount "67"]
[EventDate "2009.05.25"]
[EventType "swiss"]
[EventRounds "9"]
[EventCountry "ARG"]
[Source "lmi"]
[SourceDate "2009.05.25"]

1. e4 d6 2. d4 c6 3. Nf3 Qc7 4. Be2 e5 5. Nc3 Nf6 6. a4 Be7 7. h3 O-O 8. Be3
Re8 9. O-O Bf8 10. Nd2 Nbd7 11. f4 exd4 12. Bxd4 Nc5 13. Bxf6 gxf6 14. Kh1 f5
15. exf5 d5 16. Bd3 Nxd3 17. Qg4+ Bg7 18. cxd3 Qb6 19. Rae1 Bd7 20. Nf3 Qxb2
21. Ne5 Qxc3 22. Nxd7 Kh8 23. Qh4 f6 24. Re6 Rxe6 25. fxe6 Qxd3 26. Re1 Qf5 27.
Qf2 b6 28. a5 bxa5 29. Qc5 Rc8 30. Qxa5 Re8 31. Qc7 Qc2 32. Qd6 Qc3 33. Rb1 Bh6
34. e7 1/2-1/2

[Event "Primera Copa Universidad La Punta 2009"]
[Site "Buenos Aires ARG"]
[Date "2009.05.29"]
[Round "6.4"]
[White "Alonso, Salvador"]
[Black "Gimenez, Santiago"]
[Result "1-0"]
[WhiteElo "2489"]
[BlackElo "2112"]
[PlyCount "89"]
[EventDate "2009.05.25"]
[EventType "swiss"]
[EventRounds "9"]
[EventCountry "ARG"]
[Source "lmi"]
[SourceDate "2009.05.25"]

1. e4 c5 2. Nf3 d6 3. d4 cxd4 4. Nxd4 Nf6 5. Nc3 a6 6. g3 e5 7. Nb3 Nbd7 8. a4
b6 9. Bg2 Bb7 10. O-O Be7 11. Re1 Rc8 12. Nd2 Rc5 13. Nf1 Qa8 14. Qd3 O-O 15.
Ne3 Rfc8 16. Nf5 Bf8 17. Bg5 Rxc3 18. bxc3 Nc5 19. Qd1 Nfxe4 20. Be7 Nxg3 21.
Bxb7 Qxb7 22. hxg3 Bxe7 23. Nxd6 Bxd6 24. Qxd6 f6 25. Red1 Qc6 26. c4 Ne4 27.
Qxc6 Rxc6 28. Rd7 a5 29. Rad1 Nc5 30. R7d6 Rxd6 31. Rxd6 Nxa4 32. c5 bxc5 33.
Ra6 c4 34. Rxa5 Nb2 35. Kf1 Kf7 36. Ke2 Ke6 37. Ra7 g5 38. Rxh7 Kd5 39. Rd7+
Kc6 40. Rf7 Kc5 41. Rxf6 Kd4 42. Kd2 c3+ 43. Ke2 Nc4 44. Rg6 Na3 45. Kd1 1-0

[Event "Primera Copa Universidad La Punta 2009"]
[Site "Buenos Aires ARG"]
[Date "2009.05.29"]
[Round "6.5"]
[White "Barrionuevo, Pablo"]
[Black "Tristan, Leonardo"]
[Result "1/2-1/2"]
[WhiteElo "2320"]
[BlackElo "2393"]
[PlyCount "102"]
[EventDate "2009.05.25"]
[EventType "swiss"]
[EventRounds "9"]
[EventCountry "ARG"]
[Source "lmi"]
[SourceDate "2009.05.25"]

1. e4 d5 2. exd5 Qxd5 3. Nc3 Qa5 4. d4 Nf6 5. Bc4 c6 6. Bd2 Bf5 7. Nf3 e6 8.
Ne4 Qd8 9. Ng3 Bg4 10. c3 Nbd7 11. h3 Bxf3 12. Qxf3 Bd6 13. O-O O-O 14. Bb3 a5
15. Bc2 Re8 16. Rfe1 Bf8 17. Rad1 Qb6 18. b3 g6 19. Ne4 Nxe4 20. Rxe4 Bg7 21.
Rde1 Nf6 22. R4e2 Nd5 23. h4 Qd8 24. g3 b5 25. Be4 b4 26. c4 Ne7 27. Be3 Qd6
28. Rd2 a4 29. h5 axb3 30. hxg6 hxg6 31. axb3 Ra3 32. Bf4 Qd8 33. Red1 Nf5 34.
Bxc6 Re7 35. g4 Nxd4 36. Rxd4 Bxd4 37. Bg5 Ra1 38. Rxa1 Bxa1 39. Bxe7 Qxe7 40.
Qe3 Qf6 41. Kg2 Kg7 42. g5 Qe5 43. c5 Qxe3 44. fxe3 f6 45. gxf6+ Kxf6 46. Kf3
Be5 47. Ke4 g5 48. Kf3 Bc7 49. Be8 Ke5 50. Bc6 Bb8 51. Kg4 Ba7 1/2-1/2

[Event "Primera Copa Universidad La Punta 2009"]
[Site "Buenos Aires ARG"]
[Date "2009.05.30"]
[Round "6.6"]
[White "Pierrot, Facundo"]
[Black "Bianchi, Lucas"]
[Result "1-0"]
[WhiteElo "2422"]
[BlackElo "2090"]
[PlyCount "115"]
[EventDate "2009.05.25"]
[EventType "swiss"]
[EventRounds "9"]
[EventCountry "ARG"]
[Source "lmi"]
[SourceDate "2009.05.25"]

1. d4 g6 2. Nf3 Nf6 3. g3 Bg7 4. Bg2 O-O 5. O-O d6 6. c4 Nc6 7. d5 Na5 8. Nbd2
c5 9. e4 a6 10. Rb1 b5 11. b3 Rb8 12. Qc2 e6 13. dxe6 Bxe6 14. Bb2 Nc6 15. a3
Re8 16. Rfe1 h6 17. h3 Qc7 18. Bf1 Re7 19. Rbd1 Nd7 20. Bxg7 Kxg7 21. cxb5 axb5
22. a4 bxa4 23. bxa4 Nde5 24. Nxe5 Nxe5 25. Qc3 f6 26. a5 Nc6 27. a6 Bc8 28.
Ra1 Ra8 29. Ra3 Nb4 30. Rea1 Qb6 31. Nc4 Qb8 32. Ne3 Rea7 33. Nd5 Nxd5 34. exd5
Qb6 35. R1a2 Rb8 36. Re2 Qb4 37. Qa1 Qb1 38. Re8 Qxa1 39. Rxa1 Rba8 40. Rd8 Rd7
41. Rxd7+ Bxd7 42. Rb1 Bc8 43. Rb6 Kf7 44. Rxd6 Ke7 45. Rc6 h5 46. h4 g5 47.
hxg5 fxg5 48. Rh6 h4 49. Bb5 hxg3 50. fxg3 Kf7 51. a7 Kg7 52. Rc6 Rxa7 53. Rxc8
Kf6 54. d6 Ra1+ 55. Kg2 g4 56. d7 Ra2+ 57. Kg1 Ra1+ 58. Bf1 1-0

[Event "Primera Copa Universidad La Punta 2009"]
[Site "Buenos Aires ARG"]
[Date "2009.05.29"]
[Round "6.8"]
[White "Perelman, Hernan"]
[Black "Lanza, Luciano"]
[Result "1-0"]
[WhiteElo "2326"]
[BlackElo "2114"]
[PlyCount "75"]
[EventDate "2009.05.25"]
[EventType "swiss"]
[EventRounds "9"]
[EventCountry "ARG"]
[Source "lmi"]
[SourceDate "2009.05.25"]

1. d4 Nf6 2. Nf3 g6 3. Bf4 Bg7 4. e3 O-O 5. h3 c5 6. c3 d6 7. Be2 Qb6 8. Qb3
Qxb3 9. axb3 b6 10. Na3 Bb7 11. O-O Nc6 12. Nd2 cxd4 13. exd4 e5 14. dxe5 Nd5
15. Bg3 dxe5 16. Nb5 a5 17. Nd6 Ba6 18. Bxa6 Rxa6 19. Rfd1 Nc7 20. N2c4 b5 21.
Ne3 b4 22. Nec4 Rb8 23. Ne4 Ne6 24. Rab1 Nf4 25. Nc5 Ra7 26. Kf1 Rd8 27. Rxd8+
Nxd8 28. Rd1 Nde6 29. Nxe6 Nxe6 30. Nxe5 h5 31. Rd5 bxc3 32. bxc3 Rb7 33. Rxa5
Rxb3 34. Ra8+ Kh7 35. Nxf7 Rxc3 36. Kg1 Rc4 37. Re8 Rc6 38. Rxe6 1-0

[Event "Primera Copa Universidad La Punta 2009"]
[Site "Buenos Aires ARG"]
[Date "2009.05.29"]
[Round "6.10"]
[White "Della Morte, German"]
[Black "Palmero, Pablo"]
[Result "1-0"]
[WhiteElo "2382"]
[BlackElo "2139"]
[PlyCount "57"]
[EventDate "2009.05.25"]
[EventType "swiss"]
[EventRounds "9"]
[EventCountry "ARG"]
[Source "lmi"]
[SourceDate "2009.05.25"]

1. e4 c5 2. Nf3 d6 3. d4 cxd4 4. Nxd4 Nf6 5. Nc3 a6 6. Bg5 e6 7. f4 Be7 8. Qf3
Qc7 9. O-O-O Nbd7 10. g4 b5 11. Bxf6 gxf6 12. f5 Ne5 13. Qh3 O-O 14. Nce2 Bd7
15. Nf4 Rac8 16. Rd2 Qa5 17. a3 Nc6 18. Nb3 Qb6 19. Kb1 Kh8 20. Ng6+ fxg6 21.
fxg6 Rf7 22. gxf7 Ne5 23. Nd4 Nxf7 24. Qb3 Qb7 25. Bd3 Ng5 26. Re2 e5 27. h4
Bxg4 28. hxg5 Bxe2 29. Qf7 1-0

[Event "Primera Copa Universidad La Punta 2009"]
[Site "Buenos Aires ARG"]
[Date "2009.05.29"]
[Round "6.11"]
[White "Quiroga, Facundo"]
[Black "Godoy, Luciano"]
[Result "1-0"]
[WhiteElo "2329"]
[BlackElo "2117"]
[PlyCount "61"]
[EventDate "2009.05.25"]
[EventType "swiss"]
[EventRounds "9"]
[EventCountry "ARG"]
[Source "lmi"]
[SourceDate "2009.05.25"]

1. d4 e6 2. g3 f5 3. Nf3 Nf6 4. Bg2 d5 5. O-O Bd6 6. Ne5 O-O 7. Nd2 c5 8. c3
Nc6 9. Ndf3 Ne4 10. Nxc6 bxc6 11. Ne5 cxd4 12. Nxc6 Qb6 13. Nxd4 f4 14. Qb3 Qd8
15. Bxe4 dxe4 16. Nxe6 Bxe6 17. Qxe6+ Kh8 18. Qxe4 fxg3 19. hxg3 Bxg3 20. Be3
Qc7 21. Kg2 Rae8 22. Qd3 Qc6+ 23. Kxg3 Re6 24. f3 Qc7+ 25. f4 Qc6 26. Rf3 Rh6
27. Rg1 Qf6 28. Kf2 Rh2+ 29. Kf1 Qh4 30. Qd4 Rf7 31. Qe5 1-0

[Event "Primera Copa Universidad La Punta 2009"]
[Site "Buenos Aires ARG"]
[Date "2009.05.29"]
[Round "6.12"]
[White "Pina, Ulises"]
[Black "Ponzo, Fabian"]
[Result "1-0"]
[WhiteElo "2310"]
[BlackElo "2097"]
[PlyCount "93"]
[EventDate "2009.05.25"]
[EventType "swiss"]
[EventRounds "9"]
[EventCountry "ARG"]
[Source "lmi"]
[SourceDate "2009.05.25"]

1. e4 c6 2. c4 e5 3. Nf3 d6 4. d4 Nd7 5. Nc3 Ngf6 6. Be2 Be7 7. O-O O-O 8. Qc2
Qc7 9. Rd1 Re8 10. h3 Nf8 11. Be3 Ng6 12. Bf1 h6 13. Rd2 Bf8 14. Rad1 Qe7 15.
c5 dxc5 16. dxc5 Be6 17. Qa4 Qc7 18. Bc4 Bc8 19. b4 Nh5 20. Qb3 Nhf4 21. Kh2
Ne6 22. Kg1 Qe7 23. Nd5 cxd5 24. exd5 Nd4 25. Bxd4 exd4 26. d6 Qf6 27. Nxd4 Bd7
28. Bd5 Rab8 29. Rd3 Nf4 30. Rf3 Re5 31. Bxf7+ Kh8 32. Kh2 Qh4 33. Rg3 g5 34.
Nf3 Nxg2 35. Nxh4 Nxh4 36. Re1 Bg7 37. Rxe5 Bxe5 38. Qe3 Bf4 39. Qc3+ Kh7 40.
Bd5 Re8 41. Qf6 Bb5 42. Qf7+ Kh8 43. d7 Bxd7 44. Qxd7 Re2 45. Qd8+ Kg7 46. Qg8+
Kf6 47. Qf7+ 1-0

[Event "Primera Copa Universidad La Punta 2009"]
[Site "Buenos Aires ARG"]
[Date "2009.05.29"]
[Round "6.14"]
[White "Malbran, Guillermo"]
[Black "Carraro, Denise"]
[Result "1-0"]
[WhiteElo "2238"]
[BlackElo "2097"]
[PlyCount "63"]
[EventDate "2009.05.25"]
[EventType "swiss"]
[EventRounds "9"]
[EventCountry "ARG"]
[Source "lmi"]
[SourceDate "2009.05.25"]

1. e4 e6 2. d4 d5 3. Nc3 Bb4 4. exd5 exd5 5. Bd3 Nc6 6. a3 Bxc3+ 7. bxc3 Qf6 8.
Rb1 b6 9. Ne2 Nge7 10. O-O Bf5 11. Ng3 Bxd3 12. cxd3 O-O 13. f4 Nf5 14. Nxf5
Qxf5 15. g4 Qd7 16. f5 f6 17. Rb2 Rae8 18. Rg2 Rf7 19. h4 Kh8 20. Qf3 Ne7 21.
Re2 Ng8 22. Rxe8 Qxe8 23. Qxd5 Qe2 24. Qxf7 Qxg4+ 25. Kf2 Qxh4+ 26. Ke2 Qg4+
27. Rf3 Qg2+ 28. Rf2 Qg4+ 29. Kd2 c5 30. Qb7 cxd4 31. Rg2 dxc3+ 32. Kxc3 1-0

[Event "Primera Copa Universidad La Punta 2009"]
[Site "Buenos Aires ARG"]
[Date "2009.05.29"]
[Round "6.15"]
[White "Malajovich, Sandra"]
[Black "Virgillito, Cristian"]
[Result "0-1"]
[WhiteElo "2111"]
[BlackElo "2216"]
[PlyCount "54"]
[EventDate "2009.05.25"]
[EventType "swiss"]
[EventRounds "9"]
[EventCountry "ARG"]
[Source "lmi"]
[SourceDate "2009.05.25"]

1. d4 d5 2. c4 c6 3. cxd5 cxd5 4. Nc3 Nc6 5. Bf4 Nf6 6. e3 Bf5 7. Bb5 e6 8. Nf3
Nd7 9. Bxc6 bxc6 10. O-O Be7 11. Qa4 Qb6 12. Rfc1 O-O 13. Nd1 Rfc8 14. Rc3 Qb4
15. Qa6 Qb6 16. Qa4 Qb4 17. Qa6 Qb5 18. Qxb5 cxb5 19. Rac1 Nb6 20. h3 b4 21.
Rxc8+ Rxc8 22. Rxc8+ Nxc8 23. Nd2 Bc2 24. Nc3 bxc3 25. bxc3 Ba3 26. Bc7 Ne7 27.
c4 Bb4 0-1